Player of the Year (POTY) der Premier League - Statistics

General Stats
  • This quiz has been taken 90 times
    8 since last reset
  • The average score is 18 of 30
Answer Stats
Hint Answer % Correct
2024/25 Mohamed Salah
100%
2017/18 Mohamed Salah
100%
2009/10 Wayne Rooney
100%
2007/08 Cristiano Ronaldo
88%
2006/07 Cristiano Ronaldo
88%
2004/05 Frank Lampard
88%
2021/22 Kevin de Bruyne
88%
2019/20 Kevin de Bruyne
88%
2013/14 Luis Suarez
88%
2014/15 Eden Hazard
75%
2015/16 Jamie Vardy
75%
2010/11 Nemanja Vidic
75%
2008/09 Nemanja Vidic
75%
2005/06 Thierry Henry
75%
2003/04 Thierry Henry
75%
2022/23 Erling Haaland
63%
2023/24 Phil Foden
63%
2018/19 Virgil Van Dijk
63%
1995/96 Alan Shearer
50%
2016/17 N'Golo Kante
50%
2002/03 Ruud Van Nistelrooy
50%
2011/12 Vincent Kompany
50%
1999/00 Dwight Yorke
38%
1998/99 Michael Owen
38%
2020/21 Ruben Dias
38%
1996/97 Peter Schmeichel
25%
2012/13 Gareth Bale
13%
2001/02 Freddy Ljungberg
0%
1997/98 Juninho
0%
2000/01 Kevin Phillips
0%
No matching quizzes found
Score Distribution
Percent of People with Each Score
Percentile by Number Answered
Your Score History
You have not taken this quiz since the last reset